书目信息 |
| 题名: |
海事法
|
|
| 作者: | 胡正良 主编 | |
| 分册: | ||
| 出版信息: | 北京 北京大学出版社 2016.08 |
|
| 页数: | 749页 | |
| 开本: | 24cm | |
| 丛书名: | ||
| 单 册: | ||
| 中图分类: | D993.5 | |
| 科图分类: | ||
| 主题词: | 海事法规--中国 | |
| 电子资源: | ||
| ISBN: | 978-7-301-27308-1 | |
| 000 | 00917nam0 2200265 450 | |
| 001 | 0120162003993 | |
| 005 | 20170911100713.64 | |
| 010 | @a978-7-301-27308-1@dCNY128.00 | |
| 100 | @a20160926d2016 em y0chiy50 ea | |
| 101 | 0 | @achi |
| 102 | @aCN@b110000 | |
| 105 | @ay z 000yy | |
| 106 | @ar | |
| 200 | 1 | @a海事法@9hai shi fa@dAdmiralty law@f胡正良主编@zeng |
| 205 | @a3版 | |
| 210 | @a北京@c北京大学出版社@d2016.08 | |
| 215 | @a749页@d24cm | |
| 330 | @a本书共分九章,系统地论述海事法的基本概念和原理,内容包括:海事法概述、船舶碰撞、海难救助、残骸打捞清除、共同海损、海洋环境污染损害赔偿、海上人身伤亡损害赔偿、海事赔偿责任限制、海事行政调查与处理等海事法律制度。 | |
| 333 | @a海事法规研究人员 | |
| 510 | 1 | @aAdmiralty law@zeng |
| 606 | 0 | @a海事法规@y中国 |
| 690 | @aD993.5@v5 | |
| 701 | 0 | @a胡正良@9hu zheng liang@4主编 |
| 801 | 0 | @aCN@b人天书店@c20160926 |
| 905 | @b1070326-29@dD993.5@e172=3@f4 | |
| 海事法=Admiralty law/胡正良主编.-3版.-北京:北京大学出版社,2016.08 |
| 749页;24cm |
| 使用对象:海事法规研究人员 |
| ISBN 978-7-301-27308-1:CNY128.00 |
| 本书共分九章,系统地论述海事法的基本概念和原理,内容包括:海事法概述、船舶碰撞、海难救助、残骸打捞清除、共同海损、海洋环境污染损害赔偿、海上人身伤亡损害赔偿、海事赔偿责任限制、海事行政调查与处理等海事法律制度。 |
| ● |
| 相关链接 |
|
|
|
|
正题名:海事法
索取号:D993.5/172=3
 
预约/预借
| 序号 | 登录号 | 条形码 | 馆藏地/架位号 | 状态 | 备注 |
| 1 | 1070326 | 210703265 | 第一样本阅览室/ [索取号:D993.5/172=3] | 在馆 | |
| 2 | 1070327 | 210703274 | 第一借阅区/ [索取号:D993.5/172=3] | 在馆 | |
| 3 | 1070328 | 210703283 | 密集书库-史法系/ [索取号:D993.5/172=3] | 在馆 | |
| 4 | 1070329 | 210703292 | 第一借阅区/ [索取号:D993.5/172=3] | 在馆 |